[Event "World Youth Open U14 2016"]
[Site "Khanty-Mansiysk RUS"]
[Date "2016.09.28"]
[Round "6.6"]
[White "Ibrahimli, Murad"]
[Black "Teclaf, Pawel"]
[Result "0-1"]
[BlackTitle "CM"]
[WhiteElo "2203"]
[BlackElo "2342"]
[WhiteFideId "13410229"]
[BlackFideId "1185934"]
[EventDate "2016.09.22"]

1. d4 e6 2. c4 b6 3. Nc3 Bb4 4. Qb3 a5 5. a3 a4 6. Qc2 Bxc3+ 7. Qxc3 Nf6 8. f3
d5 9. Bg5 h6 10. Bh4 c5 11. cxd5 exd5 12. Bf2 Nc6 13. dxc5 d4 14. Qc2 O-O 15.
Rd1 Be6 16. Rc1 bxc5 17. Qxc5 Rc8 18. Qb5 Nb4 19. Rc5 Nc2+ 20. Kd2 Bb3 21. Nh3
Ne3 22. Nf4 Qd6 23. Nd3 Nd7 24. Rxc8 Rxc8 25. Bg3 Qe6 26. Ke1 Rc2 27. Ne5 Nxe5
28. Qxe5 Qc4 29. Bf4 Rxb2 30. Bxe3 Qc3+ 31. Kf2 dxe3+ 32. Qxe3 Qxe3+ 33. Kxe3
Ra2 34. g3 Rxa3 35. Bg2 Bc4+ 36. Kf4 Bxe2 37. h4 g6 38. Rc1 Rb3 39. Rc2 Bd3 40.
Rf2 a3 41. Bf1 a2 0-1

[Event "World Youth Open U14 2016"]
[Site "Khanty-Mansiysk RUS"]
[Date "2016.09.28"]
[Round "6.7"]
[White "Zarubitski, Viachaslau"]
[Black "Bharambe, Bhavik C"]
[Result "1-0"]
[WhiteTitle "FM"]
[WhiteElo "2340"]
[BlackElo "2104"]
[WhiteFideId "13509373"]
[BlackFideId "25019244"]
[EventDate "2016.09.22"]

1. e4 c6 2. d4 d5 3. e5 c5 4. dxc5 Nc6 5. Nf3 Bg4 6. c3 e6 7. b4 Bxf3 8. Qxf3
Nxe5 9. Bb5+ Nc6 10. O-O Nf6 11. Bf4 Be7 12. Nd2 O-O 13. a3 Nd7 14. Rfe1 Re8 15.
Nb3 Nf8 16. Rad1 a6 17. Ba4 Ng6 18. Bg3 Bf6 19. c4 h6 20. h3 Qc8 21. cxd5 exd5
22. Qxd5 Rxe1+ 23. Rxe1 Bb2 24. Na5 Nce7 25. Qa2 Bd4 26. Bb3 Qf5 27. Nxb7 Qg5
28. Kh2 h5 29. Bxf7+ Kh7 30. Qc4 Nf5 31. Nd6 h4 32. Nxf5 hxg3+ 33. fxg3 Bf2 34.
Bxg6+ 1-0

[Event "World Youth Open U14 2016"]
[Site "Khanty-Mansiysk RUS"]
[Date "2016.09.28"]
[Round "6.8"]
[White "Yeritsyan, Aram"]
[Black "Shubin, Kirill"]
[Result "0-1"]
[BlackTitle "FM"]
[WhiteElo "2117"]
[BlackElo "2304"]
[WhiteFideId "34161047"]
[BlackFideId "34119962"]
[EventDate "2016.09.22"]

1. e4 e6 2. d4 d5 3. Nc3 Bb4 4. e5 c5 5. a3 Bxc3+ 6. bxc3 Ne7 7. Qg4 cxd4 8.
Qxg7 Rg8 9. Qxh7 Qc7 10. Ne2 Nbc6 11. f4 dxc3 12. Rb1 Bd7 13. Qd3 d4 14. Nxd4
Nxd4 15. Qxd4 Nf5 16. Qf2 Qc6 17. Rg1 Rd8 18. Bd3 Qd5 19. Rb3 Rc8 20. Kf1 Bc6
21. Rb4 Rd8 22. Rc4 b5 23. Rxc3 Nd4 24. Bxb5 Qxb5+ 25. Ke1 Qb1 26. Qd2 Nf3+ 27.
Rxf3 Rxd2 28. Kxd2 Qb6 29. Re3 Qd4+ 30. Ke2 Qxf4 31. g3 Qc4+ 32. Kd1 Qd4+ 33.
Bd2 Qa1+ 34. Bc1 Ke7 35. Re2 Qd4+ 0-1

[Event "World Youth Open U14 2016"]
[Site "Khanty-Mansiysk RUS"]
[Date "2016.09.28"]
[Round "6.9"]
[White "Golikov, Daniil"]
[Black "Peng, Hongchi"]
[Result "0-1"]
[WhiteElo "2114"]
[BlackElo "2241"]
[WhiteFideId "24170623"]
[BlackFideId "8609047"]
[EventDate "2016.09.22"]

1. d4 Nf6 2. c4 e6 3. Nc3 Bb4 4. e3 O-O 5. Ne2 d5 6. a3 Be7 7. cxd5 exd5 8. Nf4
c6 9. Bd3 Nbd7 10. O-O Re8 11. b4 a6 12. f3 Nf8 13. Bc2 Ne6 14. Nxe6 Bxe6 15. e4
dxe4 16. fxe4 Bc4 17. Rf2 a5 18. Rb1 axb4 19. axb4 Qd7 20. h3 g6 21. Bf4 Nh5 22.
Be5 Bg5 23. Na4 Qd8 24. Rf3 f6 25. Bh2 Kh8 26. Nc5 Qe7 27. e5 Bd5 28. Rf1 Ng7
29. exf6 Bxf6 30. Nxb7 Qe3+ 31. Kh1 Qxh3 32. Rf2 Bh4 33. Rd2 Re7 34. Nc5 Bg3 35.
Qg1 Rae8 36. Be4 Qh4 37. Rd3 Bxh2 38. Qxh2 Qxh2+ 39. Kxh2 Bxe4 40. Nxe4 Rxe4 41.
Rc1 R8e6 42. b5 cxb5 43. d5 Rd6 44. Rc6 Nf5 45. Rc8+ Kg7 46. Rb8 Rd4 47. Rb7+
Kf6 48. Rb3 h5 49. R3xb5 R4xd5 0-1

[Event "World Youth Open U14 2016"]
[Site "Khanty-Mansiysk RUS"]
[Date "2016.09.28"]
[Round "6.10"]
[White "Zhao, Chenxi"]
[Black "Sargsyan, Shant"]
[Result "1-0"]
[BlackTitle "CM"]
[WhiteElo "2124"]
[BlackElo "2440"]
[WhiteFideId "8611513"]
[BlackFideId "13306766"]
[EventDate "2016.09.22"]

1. e4 e5 2. Nf3 Nc6 3. Bb5 a6 4. Ba4 Nf6 5. O-O Be7 6. Re1 b5 7. Bb3 d6 8. c3
O-O 9. h3 Na5 10. Bc2 c5 11. d4 Nd7 12. dxe5 Nxe5 13. Nbd2 Be6 14. Nf1 Nac4 15.
N3h2 Bh4 16. g3 Bf6 17. f4 Nc6 18. Qf3 Rc8 19. Ng4 b4 20. e5 dxe5 21. Rd1 Nd4
22. cxd4 exd4 23. b3 Nd6 24. Bb2 g6 25. Nxf6+ Qxf6 26. Kh2 Bd7 27. Nd2 Bc6 28.
Qf2 Rfe8 29. Re1 Nf5 30. Nc4 Ne3 31. Nxe3 dxe3 32. Bxf6 exf2 33. Rxe8+ Rxe8 34.
Rf1 Re1 35. Bd3 Be4 36. Bxa6 Bb7 37. Bxb7 Rxf1 38. Kg2 Rd1 39. Kxf2 Rd2+ 40. Kf3
Rxa2 41. Bd5 Ra6 42. Be5 Kf8 43. Bc4 Rb6 44. Ke4 f6 45. Bc7 Rc6 46. Bb8 Rc8 47.
Bd6+ Kg7 48. Kd5 h5 49. Bxc5 Re8 50. Bxb4 Re3 51. Bd6 Rxg3 52. b4 Rxh3 53. b5
Rh1 54. b6 Rb1 55. Kc6 g5 56. Bb5 Rc1+ 57. Bc5 Re1 58. Kc7 Rb1 59. b7 1-0

[Event "World Youth Open U14 2016"]
[Site "Khanty-Mansiysk RUS"]
[Date "2016.09.28"]
[Round "6.11"]
[White "Iniyan, P"]
[Black "Hua, Eugene"]
[Result "1/2-1/2"]
[BlackTitle "CM"]
[WhiteElo "2368"]
[BlackElo "2142"]
[WhiteFideId "25002767"]
[BlackFideId "2618150"]
[EventDate "2016.09.22"]

1. d4 e6 2. c4 Nf6 3. Nc3 Bb4 4. Nf3 O-O 5. Bg5 d5 6. e3 h6 7. Bh4 c5 8. cxd5
exd5 9. Bd3 Bg4 10. O-O cxd4 11. exd4 Nc6 12. Bxf6 Qxf6 13. Nxd5 Qd6 14. Ne3
Bxf3 15. Qxf3 Qxd4 16. Rfd1 Qe5 17. Ng4 Qg5 18. a3 Be7 19. Be4 f5 20. Bxc6 fxg4
21. Qd5+ Qxd5 22. Bxd5+ Kh8 23. b4 Rab8 24. Be6 Bf6 25. Rab1 h5 26. Rd5 g6 27.
h3 gxh3 28. Bxh3 Rbd8 29. Bd7 Rf7 30. Rbd1 Kg7 31. f4 Bb2 32. f5 gxf5 33. a4 Bc3
34. b5 a5 35. R1d3 Bb4 36. Kh2 f4 37. b6 Rf6 38. Rg5+ Kh6 39. Rdd5 Rxd7 40.
Rxh5+ Kg6 41. Rhg5+ Kh6 42. Rh5+ Kg6 1/2-1/2

[Event "World Youth Open U14 2016"]
[Site "Khanty-Mansiysk RUS"]
[Date "2016.09.28"]
[Round "6.12"]
[White "Haring, Filip"]
[Black "Peng, David T"]
[Result "0-1"]
[BlackTitle "FM"]
[WhiteElo "2099"]
[BlackElo "2273"]
[WhiteFideId "14933080"]
[BlackFideId "2059355"]
[EventDate "2016.09.22"]

1. e4 c5 2. Nf3 d6 3. d4 cxd4 4. Nxd4 Nf6 5. Nc3 Nc6 6. Bg5 e6 7. Qd2 a6 8.
O-O-O Bd7 9. f4 h6 10. Bxf6 Qxf6 11. Nb3 Qd8 12. Bd3 Be7 13. Kb1 b5 14. Qe3 O-O
15. e5 dxe5 16. fxe5 Qc7 17. Rde1 b4 18. Nd1 a5 19. Nf2 h5 20. h4 a4 21. Nc1 Ra5
22. Qe4 g6 23. g4 Qxe5 24. Qg2 Qg7 25. gxh5 a3 26. Nd1 Rxh5 27. Ne2 Rxh4 28.
Rxh4 Bxh4 29. Rh1 Bf6 30. Nf4 Ne7 31. Qh2 e5 32. Ne2 Bc6 33. Rg1 e4 34. Bxe4 Be5
35. Qh4 Qf6 36. Qg4 Qd6 37. Qg5 Bf6 38. Qh6 Bb5 39. Rh1 Rc8 40. Qh7+ Kf8 41. Nc1 0-1

[Event "World Youth Open U14 2016"]
[Site "Khanty-Mansiysk RUS"]
[Date "2016.09.28"]
[Round "6.13"]
[White "Oboladze, Luka"]
[Black "Quirhuayo Chumbe, German Gonzalo"]
[Result "0-1"]
[BlackTitle "FM"]
[WhiteElo "2083"]
[BlackElo "2255"]
[WhiteFideId "13608207"]
[BlackFideId "3813509"]
[EventDate "2016.09.22"]

1. e4 c5 2. Nc3 Nc6 3. g3 g6 4. Bg2 Bg7 5. d3 d6 6. f4 e6 7. Nf3 Nge7 8. O-O O-O
9. Be3 Nd4 10. Qd2 Rb8 11. a4 b6 12. Bf2 Bb7 13. g4 Nxf3+ 14. Bxf3 Nc6 15. Bg2
f5 16. h3 Qd7 17. Be3 Nd4 18. Rae1 Kh8 19. exf5 gxf5 20. g5 e5 21. h4 Ne6 22.
Bxb7 Rxb7 23. Qg2 exf4 24. Bxf4 Nxf4 25. Rxf4 Be5 26. Rff1 Rbb8 27. Qd5 Rbe8 28.
Nb5 f4 29. Qf3 Bxb2 30. Rxe8 Qxe8 31. Nxd6 Qxa4 32. c4 Bd4+ 33. Kg2 Qd7 34. Ne4
a5 35. Rb1 Qe6 36. Rb3 a4 37. Ra3 Qd7 38. Ra2 Be3 39. Ra3 Bc1 40. Nf6 Qg7 41.
Ra1 Bb2 42. Nh5 Qc3 43. Rb1 a3 44. Nxf4 Rg8 45. Nd5 Qg7 46. Nf4 a2 47. Ne6 Qe7 0-1

[Event "World Youth Open U14 2016"]
[Site "Khanty-Mansiysk RUS"]
[Date "2016.09.28"]
[Round "6.14"]
[White "Tarun, V Kanth"]
[Black "Semjonovs, Ilja"]
[Result "0-1"]
[WhiteElo "1954"]
[BlackElo "2245"]
[WhiteFideId "25012185"]
[BlackFideId "11604263"]
[EventDate "2016.09.22"]

1. b3 e5 2. Bb2 Nc6 3. e3 Nge7 4. Nf3 d6 5. d4 Bg4 6. Be2 Bxf3 7. Bxf3 g6 8. O-O
Bg7 9. Na3 O-O 10. c4 f5 11. dxe5 dxe5 12. Be2 e4 13. Bxg7 Kxg7 14. Nb5 Qc8 15.
Qc2 a6 16. Qb2+ Kg8 17. Nc3 Qe6 18. b4 Qf6 19. Qb3 Kg7 20. Rad1 Rad8 21. b5 axb5
22. Nxb5 Qe5 23. Nd4 Nxd4 24. exd4 Rxd4 25. Rxd4 Qxd4 26. Qxb7 Qb6 27. Rb1 Qxb7
28. Rxb7 Ra8 29. Rxc7 Kf6 30. g3 Rxa2 31. Bf1 g5 32. c5 Rc2 33. Ba6 f4 34. gxf4
gxf4 35. c6 h6 36. Bb5 Rc5 37. Rb7 Ke6 38. c7 Kd6 39. Kg2 Rxc7 40. Rxc7 Kxc7 41.
Kh3 Kd6 42. Kg4 Ke5 43. Kh5 Nf5 44. Kg6 f3 45. Bd7 e3 46. fxe3 Nxe3 47. Kxh6 Kd6
48. Bh3 f2 49. Kg5 Ke5 50. Kh4 Kf4 51. Bg2 Nxg2+ 52. Kh3 Ne3 53. Kh4 f1=Q 54. h3
Nf5+ 55. Kh5 Qxh3+ 0-1

[Event "World Youth Open U14 2016"]
[Site "Khanty-Mansiysk RUS"]
[Date "2016.09.28"]
[Round "6.15"]
[White "Roseneck, Jonas"]
[Black "Fomin, Maxim"]
[Result "1-0"]
[WhiteElo "2178"]
[BlackElo "1941"]
[WhiteFideId "12939870"]
[BlackFideId "14137771"]
[EventDate "2016.09.22"]

1. e4 e6 2. d4 d5 3. Nc3 Bb4 4. e5 c5 5. a3 Bxc3+ 6. bxc3 Ne7 7. Qg4 Kf8 8. Bd3
Qa5 9. Bd2 Qa4 10. Ra2 Nbc6 11. Nf3 h6 12. h4 b6 13. Rh3 Ba6 14. Rg3 Rg8 15.
dxc5 Qxg4 16. Rxg4 Bxd3 17. cxd3 bxc5 18. Be3 Ke8 19. Bxc5 Rb8 20. Kd2 h5 21.
Ra4 Rb7 22. Ra6 Kd7 23. Ng5 Nxe5 24. f4 N5g6 25. Nxf7 Nxh4 26. Bxe7 Kxe7 27. Ng5
Kd8 28. Rxe6 Re8 29. Re2 Rxe2+ 30. Kxe2 Nf5 31. Kf3 Ke8 32. g4 hxg4+ 33. Kxg4
Nh6+ 34. Kh5 Nf7 35. Kg6 Nxg5 36. Kxg5 Rd7 37. f5 Rd6 38. Rb2 1-0

[Event "World Youth Open U14 2016"]
[Site "Khanty-Mansiysk RUS"]
[Date "2016.09.28"]
[Round "6.16"]
[White "Essa, Naseem Ahmed"]
[Black "Miyasaka, Marcus M"]
[Result "0-1"]
[WhiteTitle "FM"]
[BlackTitle "FM"]
[WhiteElo "1771"]
[BlackElo "2269"]
[WhiteFideId "14316560"]
[BlackFideId "2073102"]
[EventDate "2016.09.22"]

1. d4 Nf6 2. c4 e6 3. g3 d5 4. Nf3 Nc6 5. Bg2 dxc4 6. Qa4 Bb4+ 7. Bd2 Nd5 8.
Bxb4 Nxb4 9. Ne5 O-O 10. Nxc6 Nxc6 11. Bxc6 Qxd4 12. Nd2 bxc6 13. Rd1 Qxb2 14.
Qxc4 a5 15. Rb1 Qe5 16. Qxc6 Ba6 17. O-O Qxe2 18. Rb2 Rad8 19. Nc4 Qxc4 20. Qxc4
Bxc4 21. Rc1 Bd5 22. Rxc7 Bf3 23. Rc1 Rd3 0-1

[Event "World Youth Open U14 2016"]
[Site "Khanty-Mansiysk RUS"]
[Date "2016.09.28"]
[Round "6.18"]
[White "Emanuel, Yahav"]
[Black "Zhalmakhanov, Ramazan"]
[Result "1/2-1/2"]
[WhiteElo "2014"]
[BlackElo "2211"]
[WhiteFideId "2814790"]
[BlackFideId "13706357"]
[EventDate "2016.09.22"]

1. e4 c5 2. Nf3 d6 3. d4 cxd4 4. Nxd4 Nf6 5. Nc3 Bd7 6. Be2 Nc6 7. Be3 g6 8. Qd2
Bg7 9. O-O-O O-O 10. h4 h5 11. f3 Ne5 12. Kb1 Rc8 13. Nd5 Nxd5 14. exd5 Qc7 15.
Bh6 Qc5 16. g4 hxg4 17. h5 gxf3 18. Nxf3 Nxf3 19. Bxf3 Bf5 20. Rc1 Bxh6 21. Qxh6
Bxc2+ 22. Ka1 Qd4 23. Bg4 Rc5 24. hxg6 Bxg6 25. Rxc5 dxc5 26. Bh5 Qg7 27. Qe3
Qf6 28. Qh6 Qg7 29. Qe3 b6 30. a3 Qd4 31. Qh6 Be4 32. Re1 Rd8 33. Bxf7+ Kxf7 34.
Rf1+ Kg8 35. Qe6+ Kh8 36. Qh6+ Bh7 37. Rf8+ Rxf8 38. Qxf8+ Bg8 39. Qh6+ Bh7 40.
Qf8+ Bg8 1/2-1/2

[Event "World Youth Open U14 2016"]
[Site "Khanty-Mansiysk RUS"]
[Date "2016.09.28"]
[Round "6.19"]
[White "Tomasi, Albert"]
[Black "Nielsen, Andre"]
[Result "1-0"]
[WhiteElo "2200"]
[BlackElo "2025"]
[WhiteFideId "26063620"]
[BlackFideId "1518240"]
[EventDate "2016.09.22"]

1. e4 c5 2. Nf3 d6 3. d4 cxd4 4. Nxd4 Nf6 5. Nc3 g6 6. Be3 Bg7 7. f3 O-O 8. Qd2
Nc6 9. g4 Be6 10. Nxe6 fxe6 11. O-O-O Ne5 12. Be2 Qc8 13. Rhe1 Nc4 14. Bxc4 Qxc4
15. Bd4 Nd7 16. Bxg7 Kxg7 17. f4 Rac8 18. Kb1 b5 19. e5 d5 20. Ne2 Qc6 21. Nd4
Qb6 22. f5 Nc5 23. Qg5 Rf7 24. h4 Rcf8 25. fxg6 h6 26. Qh5 Rf2 27. g5 Rh8 28.
Rf1 Ne4 29. Rxf2 Nxf2 30. gxh6+ Rxh6 31. Qf3 1-0

[Event "World Youth Open U14 2016"]
[Site "Khanty-Mansiysk RUS"]
[Date "2016.09.28"]
[Round "6.20"]
[White "Zhou, Junfeng"]
[Black "Nanayakkara, J A K Saranath"]
[Result "1-0"]
[WhiteElo "2125"]
[BlackElo "1923"]
[WhiteFideId "8615330"]
[BlackFideId "9924906"]
[EventDate "2016.09.22"]

1. c4 e5 2. Nc3 Nf6 3. g3 Nc6 4. Bg2 Bc5 5. e3 d6 6. Nge2 O-O 7. O-O h6 8. d4
exd4 9. exd4 Bb6 10. h3 Re8 11. Be3 a6 12. Qc2 Rb8 13. a3 Ne7 14. c5 Ba7 15. b4
Bf5 16. Qb3 Qd7 17. Kh2 Bd3 18. Rfe1 Nf5 19. Nf4 Nxe3 20. fxe3 Bh7 21. e4 c6 22.
e5 g5 23. exf6 gxf4 24. Ne2 Re3 25. Qd1 Rbe8 26. Nxf4 Rxe1 27. Qh5 R1e6 28. Qxh6
Rxf6 29. Qxf6 Qf5 30. Qh6 Bg6 31. Rf1 Bb8 32. Nd5 Qxf1 33. Bxf1 dxc5 34. Bg2 Re2
35. Kg1 Be4 36. Qg5+ Kf8 37. Qd8+ Kg7 38. Bxe4 cxd5 39. Qxb8 dxe4 40. dxc5 e3
41. Qe5+ Kf8 42. Kf1 Rf2+ 43. Ke1 Rh2 44. Qxe3 Rxh3 45. Qf3 Rh6 46. Qxb7 Re6+
47. Kd2 Rg6 48. c6 Rxg3 49. Qb8+ Ke7 50. Qxg3 1-0

[Event "World Youth Open U14 2016"]
[Site "Khanty-Mansiysk RUS"]
[Date "2016.09.28"]
[Round "6.21"]
[White "Vaino, Nikita"]
[Black "Gunduz, Umut Erdem"]
[Result "0-1"]
[WhiteElo "1781"]
[BlackElo "2109"]
[WhiteFideId "4504674"]
[BlackFideId "6381383"]
[EventDate "2016.09.22"]

1. d4 Nf6 2. c4 c5 3. d5 e6 4. Nc3 exd5 5. cxd5 d6 6. e4 g6 7. Bd3 Bg7 8. Nge2
O-O 9. O-O a6 10. a4 Nbd7 11. f4 Qc7 12. b3 Re8 13. Rb1 Nb6 14. Qc2 c4 15. bxc4
Qc5+ 16. Kh1 Ng4 17. h3 Nf2+ 18. Kh2 Nxd3 19. Qxd3 Nxc4 20. Bd2 Nxd2 21. Qxd2 f5
22. Rfc1 Qf2 23. Nd1 Qh4 24. exf5 Bxf5 25. Rxb7 Rxe2 26. Qxe2 Qxf4+ 27. g3 Qxc1
28. Nf2 Qc2 29. Qe3 Rf8 30. Kg1 Qxa4 31. Qe7 Qa1+ 32. Kg2 Qf6 33. Qe3 Qe5 34.
Qd2 Be4+ 35. Kh2 Bxd5 0-1

[Event "World Youth Open U14 2016"]
[Site "Khanty-Mansiysk RUS"]
[Date "2016.09.28"]
[Round "6.22"]
[White "Marchuk, Rostislav"]
[Black "Dolgikh, Evgeniy"]
[Result "1-0"]
[WhiteElo "2054"]
[BlackElo "1904"]
[WhiteFideId "34126195"]
[BlackFideId "34125873"]
[EventDate "2016.09.22"]

1. d4 Nf6 2. Nf3 e6 3. e3 d5 4. Bd3 c6 5. O-O Nbd7 6. Nbd2 c5 7. c3 Be7 8. Qe2
O-O 9. e4 cxd4 10. e5 Nh5 11. cxd4 Nf4 12. Qe3 Nxd3 13. Qxd3 f6 14. exf6 Bxf6
15. Re1 Re8 16. Nf1 e5 17. Qb3 exd4 18. Qxd5+ Kf8 19. Ng5 Bxg5 20. Bxg5 Nf6 21.
Rxe8+ Qxe8 22. Qxd4 Qg6 23. Bf4 Bd7 24. Qb4+ Kg8 25. Qxb7 Re8 26. Ne3 Nh5 27.
Bg3 Bc6 28. Qxa7 Nf4 29. Bxf4 Rxe3 30. Bg3 Qe4 31. Qb8+ Kf7 32. Qf4+ Qxf4 33.
Bxf4 Re2 34. b3 Kf6 35. h3 Kf5 36. Be3 Ke4 37. a4 Rb2 38. a5 Rxb3 39. a6 Rb8 40.
a7 Ra8 41. Ra5 Bd5 42. Ra4+ Kf5 43. Ra6 g6 44. Kh2 Ke5 45. Ra5 Ke6 46. Bf4 Bc6
47. Bb8 h6 48. Ra6 Kd7 49. f3 g5 50. Kg3 1-0

[Event "World Youth Open U14 2016"]
[Site "Khanty-Mansiysk RUS"]
[Date "2016.09.28"]
[Round "6.23"]
[White "Ismagilov, Damir"]
[Black "Skalsky, Alexandr"]
[Result "1-0"]
[WhiteElo "1927"]
[BlackElo "2085"]
[WhiteFideId "34199982"]
[BlackFideId "381799"]
[EventDate "2016.09.22"]

1. c4 e6 2. Nf3 Nf6 3. g3 a6 4. Bg2 b5 5. Nd4 d5 6. cxb5 e5 7. Nf3 Bd6 8. bxa6
Nxa6 9. Nc3 c6 10. d4 e4 11. Nh4 Qc7 12. Bf4 Nh5 13. e3 Nxf4 14. exf4 h5 15. Qa4
Bd7 16. Rc1 O-O 17. O-O Be7 18. f5 Qb6 19. Qd1 Qxb2 20. Qxh5 Nb4 21. Nxe4 dxe4
22. Bxe4 Bxf5 23. Bxf5 g6 24. Nxg6 fxg6 25. Qxg6+ 1-0

[Event "World Youth Open U14 2016"]
[Site "Khanty-Mansiysk RUS"]
[Date "2016.09.28"]
[Round "6.24"]
[White "Akulov, Lev"]
[Black "Ivic, Velimir"]
[Result "1/2-1/2"]
[BlackTitle "FM"]
[WhiteElo "1810"]
[BlackElo "2264"]
[WhiteFideId "242853"]
[BlackFideId "950122"]
[EventDate "2016.09.22"]

1. e4 c5 2. Nf3 Nc6 3. d4 cxd4 4. Nxd4 Nf6 5. Nc3 d6 6. f3 e5 7. Nde2 Be6 8. Be3
d5 9. exd5 Nxd5 10. Nxd5 Bxd5 11. a3 Be7 12. Nc3 Be6 13. Qxd8+ Rxd8 14. Nb5 O-O
15. Nxa7 Nxa7 16. Bxa7 Bf5 17. Bb6 Bxc2 18. Bxd8 Rxd8 19. Rc1 Ba4 20. h4 e4 21.
Rc4 Bc6 22. Be2 e3 23. Rc3 Bf6 24. Rxe3 Bxb2 25. Rb3 Bf6 26. Bb5 Rc8 27. Bxc6
bxc6 28. Kf2 c5 29. Rhb1 Be5 30. Rb5 f6 31. Ke3 Re8 32. Kd3 Rd8+ 33. Kc4 Rd2 34.
Rxc5 Rxg2 35. a4 h5 36. a5 Ra2 37. Kb3 Rf2 38. a6 Rxf3+ 39. Ka4 Rf2 40. Rxe5
fxe5 41. Kb5 Ra2 42. Kb6 Kh7 43. a7 g5 44. Rb5 Rxa7 45. Kxa7 gxh4 46. Rxe5 Kg6
47. Kb6 h3 48. Re3 Kg5 49. Rxh3 Kg4 50. Rh1 h4 51. Kc5 h3 52. Kd4 Kg3 53. Ke3
Kg2 54. Ra1 h2 55. Ra2+ Kg3 56. Rxh2 Kxh2 1/2-1/2

[Event "World Youth Open U14 2016"]
[Site "Khanty-Mansiysk RUS"]
[Date "2016.09.28"]
[Round "6.25"]
[White "Olsen, Filip Boe"]
[Black "Piccoli, Lucas Fonseca"]
[Result "1-0"]
[WhiteTitle "FM"]
[WhiteElo "2241"]
[BlackElo "1816"]
[WhiteFideId "1440640"]
[BlackFideId "2190788"]
[EventDate "2016.09.22"]

1. d4 Nf6 2. c4 e6 3. Nc3 Bb4 4. f3 d5 5. a3 Bxc3+ 6. bxc3 O-O 7. e3 b6 8. cxd5
exd5 9. Bd3 Bb7 10. Ne2 Nbd7 11. O-O c5 12. Ng3 Re8 13. Ra2 Rc8 14. Re2 cxd4 15.
cxd4 Nf8 16. Bb2 Ne6 17. Bb5 Bc6 18. Bxc6 Rxc6 19. e4 Nf4 20. Ree1 Rce6 21. e5
Nd7 22. Bc1 Qh4 23. Nf5 Qg5 24. Qc2 g6 25. Nd6 R8e7 26. Qd2 Nh3+ 27. Kh1 Qh5 28.
gxh3 Qh4 29. Rg1 f6 30. Nf5 Qxh3 31. Nxe7+ Rxe7 32. Qg2 Qe6 33. f4 f5 34. Be3
Kg7 35. Rc1 Nb8 36. Qc2 1-0

[Event "World Youth Open U14 2016"]
[Site "Khanty-Mansiysk RUS"]
[Date "2016.09.28"]
[Round "6.26"]
[White "Ganerdene, Sugar"]
[Black "Osaka, Takuma"]
[Result "1-0"]
[WhiteElo "2056"]
[BlackElo "1888"]
[WhiteFideId "4902980"]
[BlackFideId "7002084"]
[EventDate "2016.09.22"]

1. e4 c5 2. Nf3 d6 3. d4 cxd4 4. Nxd4 Nf6 5. Nc3 a6 6. Bg5 e6 7. Qd2 h6 8. Bxf6
Qxf6 9. O-O-O Be7 10. Kb1 Bd7 11. f4 Nc6 12. Nf3 Rd8 13. Be2 g6 14. g4 Qg7 15.
Qe3 O-O 16. h4 Rfe8 17. Bd3 Bf6 18. e5 dxe5 19. g5 exf4 20. gxf6 fxe3 21. fxg7
e5 22. Rde1 Bg4 23. Nh2 Bc8 24. Rxe3 Kxg7 25. h5 g5 26. Rf1 Nd4 27. Nf3 Nxf3 28.
Rexf3 Re7 29. Rg3 Rd4 30. Be4 b5 31. a3 Be6 32. Kc1 a5 33. Bd3 b4 34. Ne2 Rh4
35. Re3 Bd5 36. Ng3 Be6 37. Rxe5 Ra7 38. Re3 bxa3 39. bxa3 Ra4 40. Bf5 Rf4 41.
Bxe6 fxe6 42. Rxe6 Raf7 43. Rg6+ Kh7 44. Re1 Rf3 45. Ne4 R3f4 46. Nd6 R7f6 47.
Re7+ Kh8 48. Reg7 Rf1+ 49. Kb2 Rxg6 50. Rxg6 Kh7 51. Ne8 1-0

[Event "World Youth Open U14 2016"]
[Site "Khanty-Mansiysk RUS"]
[Date "2016.09.28"]
[Round "6.27"]
[White "Salimov, Ruslan"]
[Black "Ajigulov, Nurmat"]
[Result "1-0"]
[WhiteElo "2026"]
[BlackElo "1626"]
[WhiteFideId "13709801"]
[BlackFideId "13801970"]
[EventDate "2016.09.22"]

1. e4 e5 2. Nc3 Nc6 3. Bc4 Nf6 4. d3 h6 5. Nge2 Bc5 6. O-O O-O 7. h3 d6 8. Na4
Bb6 9. Nxb6 axb6 10. f4 Be6 11. Bb5 exf4 12. Bxf4 Ne5 13. d4 Ng6 14. Bd3 Nxf4
15. Nxf4 c5 16. c3 b5 17. Nxe6 fxe6 18. e5 dxe5 19. dxe5 Nd5 20. Rxf8+ Qxf8 21.
Qg4 Nf4 22. Rf1 c4 23. Be4 Qc5+ 24. Kh1 g5 25. Rxf4 Qxe5 26. Rf1 Rxa2 27. Qh5
Qxe4 28. Qe8+ Kg7 1-0

[Event "World Youth Open U14 2016"]
[Site "Khanty-Mansiysk RUS"]
[Date "2016.09.28"]
[Round "6.28"]
[White "Neelash, Saha"]
[Black "Sabirov, Timur"]
[Result "1-0"]
[WhiteElo "2020"]
[BlackElo "1791"]
[WhiteFideId "5094160"]
[BlackFideId "44107323"]
[EventDate "2016.09.22"]

1. d4 Nf6 2. Bg5 Ne4 3. Bf4 d5 4. f3 Nd6 5. Nc3 e6 6. e4 dxe4 7. fxe4 Nc6 8. Nf3
Ne7 9. Bd3 Ng6 10. Be3 f6 11. Qd2 Nf7 12. a3 Bd6 13. O-O-O Bd7 14. e5 Bf8 15.
Rhe1 Ne7 16. Bc4 c6 17. exf6 gxf6 18. Bf4 Qc8 19. Ne4 Bg7 20. Nc5 Nd8 21. Bh6
O-O 22. Bxg7 Kxg7 23. Qf4 Nd5 24. Qg3+ Kh8 25. Bd3 Rf7 26. c4 Nc7 27. Ne4 Ne8
28. Qh4 Qc7 29. Rf1 Bc8 30. Nfg5 Rg7 31. Nxf6 Nxf6 32. Rxf6 Kg8 33. Rdf1 Qe7 34.
Bxh7+ Rxh7 35. Rf8+ Qxf8 36. Qxh7# 1-0

[Event "World Youth Open U14 2016"]
[Site "Khanty-Mansiysk RUS"]
[Date "2016.09.28"]
[Round "6.30"]
[White "Kizatbay, Abyl"]
[Black "Kakuk, Tibor"]
[Result "1-0"]
[WhiteElo "1892"]
[BlackElo "1622"]
[WhiteFideId "1521853"]
[BlackFideId "14536749"]
[EventDate "2016.09.22"]

1. e4 e5 2. Nf3 Nc6 3. d4 exd4 4. Nxd4 Nf6 5. Nxc6 bxc6 6. e5 Qe7 7. Qe2 Nd5 8.
c4 Nb6 9. Nc3 Bb7 10. b3 g6 11. Bb2 Bg7 12. f4 O-O-O 13. O-O-O Rhe8 14. g3 c5
15. Bg2 d6 16. Nb5 a6 17. Na7+ Kb8 18. Nc6+ Bxc6 19. Bxc6 Rf8 20. Bf3 Ka7 21.
Qe4 Rb8 22. Rhe1 Rfe8 23. Qc6 Qd8 24. Ba3 Qc8 25. exd6 Rxe1 26. Rxe1 cxd6 27.
Re7+ 1-0